000 00286cam a22001097a 4500
008 180718b1948 xxu||||| |||| 00| 0 eng d
082 _aQ9x5411 c.2
100 _aChopra, A.N.
245 _aJail guide
_cby A.N. Chopra
260 _aShillong
_bAssam Government Press
_c1948
300 _a117p.
999 _c419240
_d419240